000 00196 a2200097 4500
020 _a9789686044188
041 _aspa
100 _aDavid Martin del Campo
245 _aLa Rana Amarilla
942 _cK
999 _c28757
_d28757